000 01078cab a22002175a 4500
001 L157059
008 120828e20120817xxk 000 0 eng d
035 _a(Sirsi) u157059
041 0 _aeng
100 1 _aWatson, Stuart
245 0 0 _aMarkets
_bbusiness and science parks
260 _c2011
490 0 _aProperty Week
_v78(33) 17 August 2012, 39-45(4)
520 _aOxford Properties has used money from Cisco surrender package to refit empty properties on the Green Park Business Park in Reading. Construction work is due to start in early September on Haverhill Research Park partially funded by New Anglia and Greater Cambridge Greater Peterborough. Outlines the advantages of the business park model. Toy R Us has moved its UK headquarters to Maidenhead Business Park. According to GVA's "Business Parks", 1 H 2012 take up is up, availability has increased but UK development is down.
590 _aKA
651 4 _aUnited Kingdom
_y
690 _aCommercial property
_96227
690 _aInvestments
_96250
690 _aResidential property
_96266
942 _n0
999 _c84252
_d84252